000 00407cam a2200181ua 4500
001 8005
008 160509n1997 II |||gr||||Z||||||eng
040 _aMAIN
041 _aEnglish
082 _a596 JOR
100 _aJORDAN, E. L.
245 _aCHORDATE ZOOLOGY
260 _aNEW DELHI
_bS.CHAND & COMPANY
_c1997
300 _a1092:
_c25CM.
653 _aChordates
700 _aVERMA, P. S.
942 _cBK
999 _c7986
_d7986